The 100 Personnages - Statistiques

Statistiques générales
  • Ce quiz a été pris 429 fois
  • Le résultat moyen est 9 sur 15
Statistiques - réponses
THE 100 Réponse Réponse Réponse Réponse % Correct
THE 100 Clarke Roan Wallace McCreary
98%
The 100 Bellamy Jordan Emori Emerson
96%
THE 100 Octavia Hope ALIE Luna
91%
THE 100 Raven Wells Otan Joséphine
83%
THE 100 Murphy Callie Pike
77%
THE 100 Monty Sinclair Ontari
71%
THE 100 Jasper Anya Gaia
67%
THE 100 Jaha Monroe Niylah
54%
THE 100 Lincoln Harper Ilian
54%
THE 100 Finn Jake Madi
53%
THE 100 Kane Miller Aden
52%
THE 100 Echo Fox Becca
43%
THE 100 Abi Jackson Titus
33%
THE 100 Gabriel Lexa Sheidheda
13%
THE 100 Russell Indra Diyoza
8%
Aucun quiz correspondant
Distribution des résultats
% des personnes avec chaque résultat
Percentile par nombre de réponses
Votre historique - résultats
Vous n’avez pas pris ce quiz